00393nam a22001337a 4500003000400000005001700004008004100021020001800062040002000080100003800100245007000138260004300208300000800251OSt20250310141400.0250310b |||||||| |||| 00| 0 eng d a9789354640506 cIIMT University aMaheshwari, B.Uma and Sujatha, R. aIntroduction to Data Science Practical Approach with R and Python aNew DelhibWiley India Pvt. Ltd.c2025 a557